Najludniejsze Państwa w Afryce - Statystyki

Ogólne statystyki
  • Ten quiz został rozwiązany 63 razy
  • Średni wynik to 12 z 15
Statystyki odpowiedzi
Ludność Państwo % Poprawnych
97 mln Egipt
98%
54 mln RPA
98%
40 mln Algieria
96%
83 mln Kongo
91%
190 mln Nigeria
91%
33 mln Maroko
88%
37 mln Sudan
88%
105 mln Etiopia
84%
47 mln Kenia
75%
25 mln Madagaskar
71%
53 mln Tanzania
71%
29 mln Angola
68%
26 mln Mozambik
64%
27 mln Ghana
61%
39 mln Uganda
50%
Nie znaleziono quizów pasujących do podanych kryteriów
Rozkład punktacji
Procent ludzi z każdym wynikiem
Percentyl według liczby udzielonych odpowiedzi
Twoja historia wyników
Nie rozwiązałeś tego quizu